Géo-chronologie #3 - Statistiques

Statistiques générales
  • Ce quiz a été pris 63 fois
  • Le résultat moyen est 9 sur 20
Statistiques - réponses
Image Réponse % Correct
Emmanuel Macron
96%
2024
81%
2024
81%
Suède
67%
France
65%
France
65%
Paris
57%
Toulouse
57%
La ville rose
56%
Arc de triomphe
43%
1997
37%
1949
33%
Malmö
28%
Croatie
19%
Gustavo Kuerten
19%
Roumanie
17%
Bucarest
15%
1878
11%
Serbie
6%
Belgrade
4%
Aucun quiz correspondant
Distribution des résultats
% des personnes avec chaque résultat
Percentile par nombre de réponses
Votre historique - résultats
Vous n’avez pas pris ce quiz